Statistiques concernant Tous les albums d'Oasis

Cliquez ici pour prendre le quiz!

Statistiques générales

  • Ce quiz a été pris 14 fois
  • Le résultat moyen est 6 sur 7

Statistiques - réponses

HintRéponse% Correct
1997Be here now
100%
1994Definitely maybe
100%
1995(What's the story) Morning Glory ?
100%
2008Dig out your soul
83%
2000Standing on the shoulder of giants
83%
2005Don't believe the truth
75%
2002Heathen Chemistry
67%

Distribution des résultats

Percentile par nombre de réponses

% des personnes avec chaque résultat

Votre développement - résultats

Vous n’avez pas pris ce quiz